00362nam a2200121Ia 4500008004100000041001200041100001700053245009500070260003700165300000800202650001500210700001500225221030s9999 xx 000 0 und d aEnglish aS. K. Sharma 2aA Text Book of Mechanics, Oscillations & Properties of Mattercby S. K. Sharma, S. K. Soni bS. Dinesh & Co.aJalandharc2002 a334 aBB Physics aS. K. Soni